| 000 | 00445nam a2200145Ia 4500 | ||
|---|---|---|---|
| 008 | 220217s9999||||xx |||||||||||||| ||und|| | ||
| 020 | _a81-7366-652-0 | ||
| 082 | _a004.67 KLI | ||
| 100 |
_aKline, Kevin, E. Kline, Daniel, and Hunt, Brand _95574 |
||
| 245 | 0 | _aSQL in a nutshell: a desktop quick reference | |
| 250 | _a2nd | ||
| 260 |
_aShroff publishers and dist.Pvt. _bMumbai _c2005 |
||
| 300 | _b450 | ||
| 650 | _aPROGRAMMING LANGUAGE | ||
| 999 |
_c176592 _d176592 |
||